Sunil Gangopadhyay: (Record no. 24495)

MARC details
000 -LEADER
fixed length control field 02383nam a22003011 4500
005 - DATE AND TIME OF LATEST TRANSACTION
control field 20050808122104.0
008 - FIXED-LENGTH DATA ELEMENTS--GENERAL INFORMATION
fixed length control field 721219s1962 nyu 000 0 eng
010 ## - LCCN (DPL NO)
LC control number B-340689-695
020 ## - INTERNATIONAL STANDARD BOOK NUMBER
International Standard Book Number 9788126023547
Terms of availability 225.00
035 ## - SYSTEM CONTROL NUMBER
System control number B-340689-695
037 ## - SOURCE OF ACQUISITION
Source of stock number/acquisition North India Publishers & Distributors
040 ## - CATALOGING SOURCE
Original cataloging agency dpl
Language of cataloging English
082 ## - DEWEY DECIMAL CLASSIFICATION NUMBER
Classification number 863.1092
245 ## - TITLE STATEMENT
Title Sunil Gangopadhyay:
Statement of responsibility, etc edited, complied and with an introduction by Enakshi Chatterjee
Remainder of title a reader /
260 ## - PUBLICATION, DISTRIBUTION, ETC. (IMPRINT)
Place of publication, distribution, etc New Delhi
Name of publisher, distributor, etc Sahitya Akademi
Date of publication, distribution, etc 2009
270 ## - ADDRESS
Address Rabindra Bhavan, 35 Ferozeshah Road
City New Delhi
Postal code 110001
300 ## - PHYSICAL DESCRIPTION
Extent xxvii, 427p.
Dimensions 21cm. (Hb)
700 ## - ADDED ENTRY--PERSONAL NAME
Personal name Chatterjee, Enakshi
942 ## - ADDED ENTRY ELEMENTS (KOHA)
Source of classification or shelving scheme Dewey Decimal Classification
Item type English Books
Classification part 863.1092
Call number suffix SUN
Holdings
Withdrawn status Lost status Source of classification or shelving scheme Damaged status Not for loan Collection code Home library Current library Date acquired Source of acquisition Cost, normal purchase price Total Checkouts Full call number Barcode Date last seen Copy number Cost, replacement price Koha item type
    Dewey Decimal Classification     Non-fiction Central Library Central Library 27/02/2009 North India Pub./NIP30/09/9.6.09/52/5.6.09/17.6.09 225.00   863.1092 SUN B-340689 27/02/2009 1 225.00 English Books
    Dewey Decimal Classification     Non-fiction Janak Puri Janak Puri 03/11/2009 North India Pub./NIP30/09/9.6.09/52/5.6.09/17.6.09 225.00 4 863.1092 SUN B-340691 04/07/2011 1 225.00 English Books
    Dewey Decimal Classification     Non-fiction Karol Bagh Karol Bagh 03/11/2009 North India Pub./NIP30/09/9.6.09/52/5.6.09/17.6.09 225.00   863.1092 SUN B-340694 03/11/2009 1 225.00 English Books
    Dewey Decimal Classification     Non-fiction Patel Nagar Patel Nagar 03/11/2009 North India Pub./NIP30/09/9.6.09/52/5.6.09/17.6.09 225.00   863.1092 SUN B-340690 03/11/2009 1 225.00 English Books
    Dewey Decimal Classification     Non-fiction Sarojini Nagar Sarojini Nagar 03/11/2009 North India Pub./NIP30/09/9.6.09/52/5.6.09/17.6.09 225.00   863.1092 SUN B-340692 03/11/2009 1 225.00 English Books
    Dewey Decimal Classification     Non-fiction Shahdara Branch Shahdara Branch 03/11/2009 North India Pub./NIP30/09/9.6.09/52/5.6.09/17.6.09 225.00   863.1092 SUN B-340695 03/11/2009 1 225.00 English Books
    Dewey Decimal Classification     Non-fiction Vinoba Puri Vinoba Puri 03/11/2009 North India Pub./NIP30/09/9.6.09/52/5.6.09/17.6.09 225.00 1 863.1092 SUN B-340693 15/05/2010 1 225.00 English Books

© Delhi Public Library
Hit Counter
free hit counter